00530 a2200157 450000500170000002000180001710000170003524500450005225000120009726000250010930000530013470000180018794200130020599900150021895201390023320250628193009.0 a0-273-03810-9 aWHITEHEAD, P aStatistics for Business: An Introduction a2nd Ed. aLondonbPitmanc1992 aix, 308p.: ill; Chat, Figure, TablebIndexc24cm aWHITEHEAD, G. 2ddccBKS c6179d6179 r2025-06-28 19:31:16l0o519.5 WHIpMBY000970v22650.00w2025-06-28yBKS102ddc407000a002b002cGENd2025-06-28ePurchaseg7550.00